01323 am a2200325ua 4500999001700000001001000017003000900027005001700036008004100053020002100094040003100115043001200146082002500158100003400183245021100217264004300428300004700471336002600518337002800544338002700572500002000599500002300619650005400642653002600696655002400722700003600746886006800782942001200850952013500862 c28765d28736007396936EG-ScBUE20200921111853.0840116s1983 enkak f 001 0 eng d a0710802005 (pbk) aUkbengerdacUkdEG-ScBUE ae-uk---04a658.0220941bJON2221 aJones, Derek,d1929-eauthor.10aHow to start, run and succeed in your own business /cDerek Jones, director, The Small Business Centre, University of Aston and W.H. Perry, senior consultant, The Small Business Centre, University of Aston. 1aSussex :bWheatsheaf Books Ltd,c1983. a183 pages :billustrations, forms ;c23 cm atext2rdacontentbtxt aunmediated2rdamediabn avolume2rdacarrierbnc aIncludes index. aIncludes appendix. 7aSmall businesszGreat BritainxManagement.2BUEsh bBUSADMcSeptember2020 vReading book9342321 aPerry, William,d1913-eauthor.2 2ukmarca900b10aPerryhW. H.xSeeaPerry, William,x1913-z700 2ddccBB 00102ddc40708BaccahaMAINbMAINc1STd2020-09-21ePurchasel0o658.0220941 JONp000049723r2025-07-15 00:00:00w2020-09-21yBB